000 01228nam a22003017a 4500
001 05598
003 HDC
007 cr bn ---aaaaa
008 210120b20122012xxu||||| |||| 00| 0 eng d
020 _a9781439836842
040 _aHDC
245 0 _aHandbook of Meat and Meat Processing:
_b17, Electrical Stimulation in Meat Processing
_c/ Daniel Mota-Rojas, Patricia Roldan-Santiago, and Isabel Guerrero-Legarreta
260 _aUnited States:
_bCRC Press (Taylor & Francis),
_c2012
300 _a1 online resource (10 pages)
336 _atext
_2rdacontent
337 _acomputer
_2rdamedia
338 _aonline resource
_2rdacarrier
500 _aOriginally published: Handbook of Meat and Meat Processing
_aIncludes bibliographical references
650 _aMeat industry and trade
_9161
650 _aMeat
_91368
700 _aGuerrero-Legarreta, Isabel
_econtributor
_95876
700 _aMota-Rojas, Daniel
_econtributor
_95877
700 _aRoldan-Santiago, Patricia
_econtributor
_95878
856 _zRequest full-text at [email protected]
942 _2lcc
942 _cCHAP
942 _kEBCH 004145
999 _c2922
_d2922